Detalles MARC
| 000 -LEADER |
| campo de control de longitud fija |
02532nam a22004334i 4500 |
| 003 - IDENTIFICADOR DE NÚMERO DE CONTROL |
| campo de control |
PE-LiUPU |
| 005 - FECHA Y HORA DE LA ÚLTIMA TRANSACCIÓN |
| campo de control |
20260325091412.0 |
| 008 - DATOS DE LONGITUD FIJA--INFORMACIÓN GENERAL |
| campo de control de longitud fija |
100301s2010 pe a b 000 0 spa d |
| 035 ## - NÚMERO DE CONTROL DEL SISTEMA |
| Número de control de sistema |
PE-LiUPU000017 |
| 040 ## - FUENTE DE CATALOGACIÓN |
| Centro catalogador/agencia de origen |
PE-LiUPU |
| Lengua de catalogación |
spa |
| Centro/agencia transcriptor |
PE-LiUPU |
| Normas de descripción |
rda |
| 041 0# - CÓDIGO DE IDIOMA |
| Código de lengua del texto/banda sonora o título independiente |
spa |
| 082 04 - NÚMERO DE LA CLASIFICACIÓN DECIMAL DEWEY |
| Número de clasificación |
323.4 |
| Cutter |
P471a |
| Número de edición |
TP |
| 110 ## - ENTRADA PRINCIPAL--NOMBRE DE ENTIDAD CORPORATIVA |
| Nombre de entidad corporativa o nombre de jurisdicción como elemento de entrada |
Perú. |
| Unidad subordinada |
Defensoría del Pueblo. |
| -- |
Adjuntía para la Niñez y la Adolescencia. |
| Término indicativo de función/relación |
autor. |
| 9 (RLIN) |
8200 |
| 245 10 - MENCIÓN DEL TÍTULO |
| Título |
Actuaciones defensoriales en el marco del conflicto de Bagua : |
| Resto del título |
Informe de la Defensora del Pueblo a la Comisión del Congreso de la República que investiga los sucesos de Bagua, aledaños y otros / |
| Mención de responsabilidad, etc. |
Edición del texto a cargo de Mario Razzeto. |
| 264 #1 - PRODUCCIÓN, PUBLICACIÓN, DISTRIBUCIÓN, FABRICACIÓN Y COPYRIGHT |
| Producción, publicación, distribución, fabricación y copyright |
Lima : |
| Nombre del de productor, editor, distribuidor, fabricante |
Defensoría del Pueblo, |
| Fecha de producción, publicación, distribución, fabricación o copyright |
2010. |
| 300 ## - DESCRIPCIÓN FÍSICA |
| Extensión |
57 páginas ; |
| Dimensiones |
28 cm |
| 336 ## - TIPO DE CONTENIDO |
| Término de tipo de contenido |
text |
| Fuente |
rdacontent |
| 337 ## - TIPO DE MEDIO |
| Nombre/término del tipo de medio |
unmediated |
| Fuente |
rdamedia |
| 338 ## - TIPO DE SOPORTE |
| Nombre/término del tipo de soporte |
volume |
| Fuente |
rdacarrier |
| 490 0# - MENCIÓN DE SERIE |
| Mención de serie |
Serie documentos defensoriales ; |
| Designación de volumen o secuencia |
Documento N° 10 |
| 500 ## - NOTA GENERAL |
| Nota general |
Primera edición. |
| 500 ## - NOTA GENERAL |
| Nota general |
Tiraje de 800 ejemplares. |
| 500 ## - NOTA GENERAL |
| Nota general |
Hecho el depósito legal en la Biblioteca Nacional del Perú N° 2010-03931. |
| 500 ## - NOTA GENERAL |
| Nota general |
Informe presentado por la Defensora del Pueblo, Beatriz Merino, a la Comisión Investigadora Multipartidaria del Congreso de la República. |
| 500 ## - NOTA GENERAL |
| Nota general |
Edición del texto a cargo de Mario Razzeto. |
| 500 ## - NOTA GENERAL |
| Nota general |
Diseño, diagramación y producción gráfica: GMC Digital S.A.C. |
| 504 ## - NOTA DE BIBLIOGRAFÍA, ETC. |
| Nota de bibliografía, etc. |
Incluye referencias. |
| 505 0# - NOTA DE CONTENIDO CON FORMATO |
| Nota de contenido con formato |
Declaración contra la violencia -- Marco de la intervención defensorial -- Contexto de las actuaciones defensoriales frente al conflicto -- Antes del cinco de junio -- Surgimiento del conflicto -- Primer escalamiento hacia la violencia y crisis -- Desescalamiento y proceso de diálogo -- Segundo escalamiento hacia la violencia -- Durante el cinco y seis de junio -- El conflicto en su fase crítica -- Después de la crisis -- Desescalamiento y proceso de diálogo. |
| 546 ## - NOTA DE IDIOMA |
| Nota de lengua/lenguaje |
Texto en español. |
| 610 14 - PUNTO DE ACCESO ADICIONAL DE MATERIA--NOMBRE DE ENTIDAD CORPORATIVA |
| Nombre de entidad corporativa o nombre de jurisdicción como elemento de entrada |
Perú. |
| Unidad subordinada |
Defensoría del Pueblo |
| Subdivisión general |
Informes. |
| 650 28 - PUNTO DE ACCESO ADICIONAL DE MATERIA--TÉRMINO DE MATERIA |
| Término de materia o nombre geográfico como elemento de entrada |
Conflicto de Bagua (Perú), 2009 |
| Subdivisión de forma |
Cronología |
| 9 (RLIN) |
8201 |
| 650 28 - PUNTO DE ACCESO ADICIONAL DE MATERIA--TÉRMINO DE MATERIA |
| Término de materia o nombre geográfico como elemento de entrada |
Conflicto de Bagua (Perú), 2009 |
| Subdivisión de forma |
Opinión pública |
| 9 (RLIN) |
8201 |
| 650 28 - PUNTO DE ACCESO ADICIONAL DE MATERIA--TÉRMINO DE MATERIA |
| Término de materia o nombre geográfico como elemento de entrada |
Conflicto social |
| Subdivisión geográfica |
Perú |
| -- |
Amazonas |
| 9 (RLIN) |
8202 |
| 650 28 - PUNTO DE ACCESO ADICIONAL DE MATERIA--TÉRMINO DE MATERIA |
| Término de materia o nombre geográfico como elemento de entrada |
Investigación criminal |
| Subdivisión geográfica |
Perú |
| -- |
Amazonas |
| 9 (RLIN) |
2818 |
| Subdivisión cronológica |
2009 |
| 700 ## - ENTRADA AGREGADA--NOMBRE PERSONAL |
| Nombre de persona |
Merino Lucero, Beatriz, |
| Fechas asociadas al nombre |
1947- |
| Término indicativo de función/relación |
presentadora. |
| 9 (RLIN) |
8203 |
| 710 ## - ENTRADA AGREGADA--NOMBRE DE ENTIDAD CORPORATIVA |
| Nombre de entidad corporativa o nombre de jurisdicción como elemento de entrada |
Perú. |
| Unidad subordinada |
Congreso de la republica. |
| Término indicativo de función/relación |
editor. |
| 9 (RLIN) |
7917 |
| 942 ## - ELEMENTOS DE ENTRADA SECUNDARIOS (KOHA) |
| Fuente del sistema de clasificación o colocación |
Clasificación Decimal Dewey |
| Tipo de ítem Koha |
Libros físicos |
| 980 ## - EQUIVALENCIA O REFERENCIA-CRUZADA-MENCIÓN DE SERIE--NOMBRE DE PERSONA/TÍTULO [LOCAL, CANADÁ] |
| ID del usuario creador del registro |
18228 |
| Nombre del creador del registro |
Rebeca Esther Huerta Leyton |
| ID del último usuario que modificó el registro |
18226 |
| Nombre del último usuario que modificó el registro |
Jaime Vilcazán Jefe de Análisis Documental |